Methodology of regional development
Guardado en:
| Autor principal: | |
|---|---|
| Formato: | Libro |
| Lenguaje: | inglés |
| Publicado: |
Miskolc
University of Miskolc
2009
|
| Colección: | BA
|
| Materias: | |
| Etiquetas: |
Sin Etiquetas, Sea el primero en etiquetar este registro!
|
MARC
| LEADER | 00000nam$a2200000$$$4500 | ||
|---|---|---|---|
| 001 | 0107595 | ||
| 005 | 20240226134209.3 | ||
| 020 | |a 978-963-661-898-8 | ||
| 041 | 0 | |a eng | |
| 044 | |a HU | ||
| 245 | 1 | 0 | |a Methodology of regional development |c György Kocziszky |
| 264 | 1 | |a Miskolc |b University of Miskolc |c 2009 | |
| 300 | |a 258 s. | ||
| 490 | 1 | |a BA | |
| 830 | 0 | |a BA | |
| 610 | 2 | 0 | |a rozvoj regionálny |
| 610 | 2 | 0 | |a metodológia |
| 610 | 2 | 0 | |a politika hospodárska |
| 610 | 2 | 0 | |a plánovanie |
| 610 | 2 | 0 | |a prognostika |
| 610 | 2 | 0 | |a rozvoj sociálno-ekonomický |
| 610 | 2 | 0 | |a analýzy |
| 610 | 2 | 0 | |a rozhodovanie |
| 610 | 2 | 0 | |a kontroling |
| 610 | 2 | 0 | |a Maďarsko |
| 100 | 1 | |a Kocziszky, György | |